000 00579nam a2200169Ia 4500
008 090201s9999 xx 000 0 und d
010 _aKPL-64655
040 _bमराठी
041 _aमराठी
082 _a33224
_b64655
100 _aचंद्रकांत काकोडकर
245 _aशूरा मी वंदिले
_cचंद्रकांत काकोडकर
260 _c2004
_bमंगलदीप प्रकाशन
300 _a184
_bमोठा
600 _aशूरा मी वंदिले
942 _cBOOK
999 _c231492
_d231492